000 00646nam a22002172 4500
001 0000023959
005 20151217154507.0
008 130422s xx 000 0 eng d
020 _a0721639933 :
040 _aKABU
_cKABU
100 1 _aGuyton, Arthur C.
_@0000179396
245 1 0 _aBasic neuroscience :
_banatomy & physiology /
_cArthur C. Guyton.
250 _a2nd ed.
260 _aLondon :
_bW. B. Saunders,
_c1992.
300 _aviii, 400 p.
650 0 _aNeurophysiology.
_@0000180795
650 0 _aNeuroanatomy.
_@0000183797
852 1 _9p500 KES
908 _a130422
950 _@1
999 _c11511
_d11511